000 00428nam a2200169Ia 4500
003 LK-CoDNM
005 20240913095242.0
008 010623t1840 xxu||||| |||| 00| 1 eng d
040 _aLK-CoDNM
_dLK-CoDNM
_eLK-CoDNM
041 _aeng
080 _a14
_bA26
100 _aDavey, James George
245 _aContribution to Mental Pathology
260 _bJohn Churchill
_aLondon
_c1840
300 _b276p. ; 20 cm
942 _cBK
999 _c81171
_d81171